000 03716 a2200469 4500
005 20090520113038.0
008 090520t xxu||||| |||| 00| 0 eng d
010 _aENG-89123 B-310745-746, B-311415-418, B-317323-325
020 _a9780195693003
_c595.00
020 _a0195693000
_c595.00
035 _aEN-72656
035 _aB-310745-746
035 _aB-311415-418
035 _aB-317323-325
035 _aB-359127
037 _bDBAD / PUB
037 _bPansy Books
040 _adpl
_bEnglish
082 _a954.5
100 _aGhosh, Papiya
245 _aCommunity and nation :
_bessays on identity and politics in Eastern India /
_cby Papiya Ghosh with an introduction by Biswamoy Pati
260 _aNew Delhi
_bOxford University Press
_c2008
270 _aYMCA Library Building, Jai Singh Road
_bNew Delhi
_e110 001
300 _axxii, 218p.
_c23cm(Hb)
500 _aIncludes bibliographical references and index
942 _adpl
_cEN
_2ddc
_h954.5
_mGHO
999 _c10073
_d10073